000
00275nam a22001337a 4500
008
180312b xxu||||| |||| 00| 0 eng d
020
_a
0155511084
041
_a
eng
080
_a
82
100
_a
21
101
_a
GJL
245
_a
Literature
_c
Perrine,L
942
_2
udc
_c
BK
999
_c
44723
_d
44723